Investičné modelovanie v prostredí poistného rizika dizertačná práca

Salvato in:
Dettagli Bibliografici
Autore principale: Smažáková, Lenka, 1991-
Ente Autore: Fakulta hospodárskej informatiky EU. Katedra matematiky a aktuárstva
Altri autori: Pinda, Ľudovít, 1958-
Natura: Libro
Lingua:slovacco
Pubblicazione: Bratislava 2021
Soggetti:
Tags: Aggiungi Tag
Nessun Tag, puoi essere il primo ad aggiungerne!!

MARC

LEADER 00000nbm a2200000 4500
001 0278244
005 20230302101757.1
041 0 |a slo 
044 |a SK 
245 1 0 |a Investičné modelovanie v prostredí poistného rizika  |b dizertačná práca  |c Lenka Smažáková ; školiteľ: Ľudovít Pinda 
264 1 |a Bratislava  |c 2021 
300 |a 114 s. 
610 2 0 |a riziko poistné 
610 2 0 |a sekuritizácia 
610 2 0 |a modelovanie 
610 2 0 |a dlhopisy 
100 1 |a Smažáková, Lenka, 1991- 
700 1 |a Pinda, Ľudovít, 1958- 
710 2 |a Fakulta hospodárskej informatiky EU. Katedra matematiky a aktuárstva